000 00742nam a2200193 a 4500
001 000006281
005 20200929153917.0
008 090827s2000 dr ad 001 0 spa d
040 _aDO-SdBNP
100 1 _aPiñeros, Luis Jaime
_917544
245 0 _aEfectividad escolar de los centros de educación media en República Dominicana. :
_bLuis Jaime Piñeiro, Jaap Scheerens ; presentación Milagro Ortiz Bosch.
260 _aSanto Domingo :
_bSecretaría de Estado de Educación,
_c2000.
300 _a95 p. :
_bil., gráf. ;
_c23 cm.
490 1 _aSerie investigación educativa
_vv.4
500 _aincluye bibliografía (p. 95-)
700 1 _aScheerens, Jaap
_917545
830 0 _aSerie investigación educativa
_vv. 4
_917546
049 _aBNPD
999 _c6076
_d6076